Statistics for Прости числа между 1 и 100

Click here to take the quiz!

General Stats

  • This quiz has been taken 225 times
  • The average score is 13 of 25

Answer Stats

число% Correct
2
100%
3
97%
5
94%
7
91%
11
87%
13
85%
17
82%
19
79%
23
75%
29
70%
31
66%
37
63%
41
56%
43
48%
47
44%
53
36%
59
26%
61
22%
67
18%
71
15%
73
13%
79
11%
83
9%
89
6%
97
4%

Score Distribution

Percentile by Number Answered

Percent of People with Each Score

Your Score History

You have not taken this quiz